<?xml version="1.0" encoding="UTF-8"?>
<record
    xmlns:xsi="http://www.w3.org/2001/XMLSchema-instance"
    xsi:schemaLocation="http://www.loc.gov/MARC21/slim http://www.loc.gov/standards/marcxml/schema/MARC21slim.xsd"
    xmlns="http://www.loc.gov/MARC21/slim">

  <leader>03896nam a2200433Ia 4500</leader>
  <controlfield tag="008">120626s2000    mx            000 0 spa d</controlfield>
  <datafield tag="020" ind1=" " ind2=" ">
    <subfield code="a">9684267118</subfield>
  </datafield>
  <datafield tag="020" ind1=" " ind2=" ">
    <subfield code="a">9789684267114</subfield>
  </datafield>
  <datafield tag="050" ind1="0" ind2="4">
    <subfield code="a">RC480.6</subfield>
    <subfield code="b">S54 1996</subfield>
  </datafield>
  <datafield tag="082" ind1=" " ind2=" ">
    <subfield code="a">C616.89025 S631i</subfield>
  </datafield>
  <datafield tag="100" ind1="1" ind2=" ">
    <subfield code="a">Slaikeu, Karl A.</subfield>
    <subfield code="e">autor</subfield>
  </datafield>
  <datafield tag="240" ind1="1" ind2="0">
    <subfield code="a">Crisis intervention</subfield>
    <subfield code="l">espa&#xF1;ol </subfield>
  </datafield>
  <datafield tag="245" ind1="1" ind2="0">
    <subfield code="a">Intervenci&#xF3;n en crisis </subfield>
    <subfield code="b">: manual para practica e investigacion</subfield>
    <subfield code="c">/ Karl A. Slaikeu ; traductor Maricela Ch&#xE1;vez Mejia</subfield>
  </datafield>
  <datafield tag="250" ind1=" " ind2=" ">
    <subfield code="a">2a edici&#xF3;n</subfield>
  </datafield>
  <datafield tag="260" ind1="3" ind2=" ">
    <subfield code="a">M&#xE9;xico</subfield>
    <subfield code="b">: El Manual Moderno</subfield>
    <subfield code="c">, 1996</subfield>
  </datafield>
  <datafield tag="300" ind1=" " ind2=" ">
    <subfield code="a">575 p&#xE1;ginas</subfield>
  </datafield>
  <datafield tag="500" ind1=" " ind2=" ">
    <subfield code="a">Reimpresi&#xF3;n, 2000</subfield>
  </datafield>
  <datafield tag="500" ind1=" " ind2=" ">
    <subfield code="a">Incluye &#xED;ndice de autores (p. 549-563)
Incluye &#xED;ndice (565-575)</subfield>
  </datafield>
  <datafield tag="500" ind1=" " ind2=" ">
    <subfield code="a">Plan Flexible
Licenciatura en Psicolog&#xED;a
INTERVENCI&#xD3;N EN CASOS DE DESASTRE (P19)	 
14 003769,14 004772,14 004773,14 003851
Educaci&#xF3;n mixta
Licenciatura en Psicolog&#xED;a
INTERVENCI&#xD3;N EN CASOS DE DESASTRE (P19)	 
(P22)
14 003005, 14 005882</subfield>
  </datafield>
  <datafield tag="500" ind1=" " ind2=" ">
    <subfield code="a">Educaci&#xF3;n Mixta.
Lic. en Psicolog&#xED;a / Intervenci&#xF3;n en casos de desastre / P19 / 09 002213
Lic. en Psicolog&#xED;a / Psicoterap&#xED;a Breve y de Emergencia / P22 / 09 000157</subfield>
  </datafield>
  <datafield tag="504" ind1=" " ind2=" ">
    <subfield code="a">Incluye Bibliograf&#xED;a (referencias) (p. 501-548)</subfield>
  </datafield>
  <datafield tag="505" ind1=" " ind2=" ">
    <subfield code="a">Teor&#xED;a de la crisis: Estructura general  
Crisis vitales durante el desarrollo 
Crisis circunstanciales en la vida 
Un modelo amplio para la intervenci&#xF3;n en crisis  
Intervenci&#xF3;n de primera instancia: primeros auxilios psicol&#xF3;gicos   
Primeros auxilios psicol&#xF3;gicos: ejemplos de casos  
Intervenci&#xF3;n de segunda instancia: terapia multimodal para crisis 
Terapia multimodal para crisis: ejemplos de casos 
Intervenci&#xF3;n en crisis a cargo del clero 
Intervenci&#xF3;n en crisis a cargo de abogados y asesores legales 
Intervenci&#xF3;n en crisis a cargo de la polic&#xED;a  
Intervenci&#xF3;n en crisis a cargo de las enfermeras y otros profesionales de la salud 
Intervenci&#xF3;n en crisis en salas de urgencias de hospitales  
Intervenci&#xF3;n en crisis para individuos con enfermedad mental grave y persistente 
Intervenci&#xF3;n en crisis por tel&#xE9;fono 
Intervenci&#xF3;n en crisis en las escuelas  
Intervenci&#xF3;n en crisis en el trabajo / en la oficina  
Entrenamiento I: Primeros auxilios psicol&#xF3;gicos 
Entrenamiento II: Terapia para crisis 
Un modelo para la investigaci&#xF3;n </subfield>
  </datafield>
  <datafield tag="519" ind1=" " ind2=" ">
    <subfield code="a">Material complementario / </subfield>
    <subfield code="b">Psicolog&#xED;a / </subfield>
    <subfield code="d">(11 008780, 11 013802, 11 003723, 11 003724, 11 008779, 11 008780, 11 010588, 11 012052, 11 013802)</subfield>
  </datafield>
  <datafield tag="519" ind1=" " ind2=" ">
    <subfield code="a">Plan Flexible /</subfield>
    <subfield code="b">Psicolog&#xED;a /</subfield>
    <subfield code="c">Psicopatolog&#xED;a (P05) / </subfield>
    <subfield code="d">(04 003464)</subfield>
  </datafield>
  <datafield tag="519" ind1=" " ind2=" ">
    <subfield code="a">Plan Flexible /</subfield>
    <subfield code="b">Psicolog&#xED;a /</subfield>
    <subfield code="c">Enfermedades Psicosom&#xE1;ticas I (P11) /</subfield>
    <subfield code="d">(04 003465)</subfield>
  </datafield>
  <datafield tag="519" ind1=" " ind2=" ">
    <subfield code="a">Plan Flexible /</subfield>
    <subfield code="b">Psicolog&#xED;a /</subfield>
    <subfield code="c">Enfermedades Psicosom&#xE1;ticas II (P12) /</subfield>
    <subfield code="d">(04 003466)</subfield>
  </datafield>
  <datafield tag="519" ind1=" " ind2=" ">
    <subfield code="a">Plan Flexible /</subfield>
    <subfield code="b">Psicolog&#xED;a /</subfield>
    <subfield code="c">Psicoterapia Breve Y De Emergencia (P22) / </subfield>
    <subfield code="d">(04 004942)</subfield>
  </datafield>
  <datafield tag="519" ind1=" " ind2=" ">
    <subfield code="a">Plan Flexible /</subfield>
    <subfield code="b">Psicolog&#xED;a /</subfield>
    <subfield code="c">Intervenci&#xF3;n En Caso De Desastres (P19 ) / </subfield>
    <subfield code="d">(04 004949)</subfield>
  </datafield>
  <datafield tag="519" ind1=" " ind2=" ">
    <subfield code="a">Educaci&#xF3;n Mixta /</subfield>
    <subfield code="b">Psicolog&#xED;a /</subfield>
    <subfield code="c">Psicoterapia Breve Y De Emergencia (P22 L-2) / </subfield>
    <subfield code="d">(04 005310)</subfield>
  </datafield>
  <datafield tag="519" ind1=" " ind2=" ">
    <subfield code="a">Educaci&#xF3;n Mixta /</subfield>
    <subfield code="b">Psicolog&#xED;a /</subfield>
    <subfield code="c">Intervenci&#xF3;n En Caso De Desastres (P19) /</subfield>
    <subfield code="d">(04 004433)
</subfield>
  </datafield>
  <datafield tag="519" ind1=" " ind2=" ">
    <subfield code="a">Educaci&#xF3;n Mixta /</subfield>
    <subfield code="b">Psicolog&#xED;a /</subfield>
    <subfield code="c">Temas Selectos de Psicolog&#xED;a (P25-1) /</subfield>
    <subfield code="d">(08 004126)</subfield>
  </datafield>
  <datafield tag="519" ind1=" " ind2=" ">
    <subfield code="a">Educaci&#xF3;n Mixta /</subfield>
    <subfield code="b">Psicolog&#xED;a /</subfield>
    <subfield code="c">Intervenci&#xF3;n en Caso de Desastres (P19-1) /</subfield>
    <subfield code="d">(08 004897)</subfield>
  </datafield>
  <datafield tag="519" ind1=" " ind2=" ">
    <subfield code="a">Educaci&#xF3;n Mixta /</subfield>
    <subfield code="b">Psicolog&#xED;a /</subfield>
    <subfield code="c">Psicoterapia Breve y de Emergencia (P22-2) /</subfield>
    <subfield code="d">(08 004955)</subfield>
  </datafield>
  <datafield tag="519" ind1=" " ind2=" ">
    <subfield code="a">Plan Flexible /</subfield>
    <subfield code="b">Educaci&#xF3;n Mixta /</subfield>
    <subfield code="c">Intervenci&#xF3;n en Casos de Emergencia de Desastre (P19-1) /</subfield>
    <subfield code="d">(08 005599)</subfield>
  </datafield>
  <datafield tag="519" ind1=" " ind2=" ">
    <subfield code="a">Material complementario Plan UNAM / </subfield>
    <subfield code="b">Lic. en Enfermer&#xED;a / </subfield>
    <subfield code="c">Enfermer&#xED;a de la salud mental comunitaria (1811) /</subfield>
    <subfield code="d">23 003593</subfield>
  </datafield>
  <datafield tag="650" ind1="1" ind2="4">
    <subfield code="a">INTERVENCI&#xD3;N EN CRISIS (SERVICIOS DE SALUD MENTAL)</subfield>
  </datafield>
  <datafield tag="700" ind1="1" ind2=" ">
    <subfield code="a">Ch&#xE1;vez Mejia, Maricela</subfield>
    <subfield code="e">traductora</subfield>
  </datafield>
  <datafield tag="942" ind1=" " ind2=" ">
    <subfield code="c">LB</subfield>
  </datafield>
  <datafield tag="952" ind1=" " ind2=" ">
    <subfield code="0">0</subfield>
    <subfield code="1">0</subfield>
    <subfield code="4">0</subfield>
    <subfield code="7">0</subfield>
    <subfield code="a">04</subfield>
    <subfield code="b">04</subfield>
    <subfield code="d">2011-07-20</subfield>
    <subfield code="l">5</subfield>
    <subfield code="o">RC480.6   S54  1996</subfield>
    <subfield code="p">04 003464</subfield>
    <subfield code="r">2016-08-25</subfield>
    <subfield code="s">2016-08-23</subfield>
    <subfield code="t">1</subfield>
    <subfield code="w">2012-06-24</subfield>
    <subfield code="y">LB</subfield>
  </datafield>
  <datafield tag="952" ind1=" " ind2=" ">
    <subfield code="0">0</subfield>
    <subfield code="1">0</subfield>
    <subfield code="4">0</subfield>
    <subfield code="7">0</subfield>
    <subfield code="a">04</subfield>
    <subfield code="b">04</subfield>
    <subfield code="d">2011-07-20</subfield>
    <subfield code="l">12</subfield>
    <subfield code="m">1</subfield>
    <subfield code="o">RC480.6   S54  1996</subfield>
    <subfield code="p">04 003465</subfield>
    <subfield code="r">2015-12-07</subfield>
    <subfield code="s">2015-12-01</subfield>
    <subfield code="t">2</subfield>
    <subfield code="w">2012-06-24</subfield>
    <subfield code="y">LB</subfield>
  </datafield>
  <datafield tag="952" ind1=" " ind2=" ">
    <subfield code="0">0</subfield>
    <subfield code="1">0</subfield>
    <subfield code="4">0</subfield>
    <subfield code="7">0</subfield>
    <subfield code="a">04</subfield>
    <subfield code="b">04</subfield>
    <subfield code="d">2011-07-20</subfield>
    <subfield code="l">13</subfield>
    <subfield code="o">RC480.6   S54  1996</subfield>
    <subfield code="p">04 003466</subfield>
    <subfield code="r">2019-04-10</subfield>
    <subfield code="s">2019-04-10</subfield>
    <subfield code="t">3</subfield>
    <subfield code="w">2012-06-24</subfield>
    <subfield code="y">LB</subfield>
  </datafield>
  <datafield tag="952" ind1=" " ind2=" ">
    <subfield code="0">0</subfield>
    <subfield code="1">0</subfield>
    <subfield code="4">0</subfield>
    <subfield code="7">0</subfield>
    <subfield code="a">09</subfield>
    <subfield code="b">09</subfield>
    <subfield code="d">2011-01-17</subfield>
    <subfield code="l">0</subfield>
    <subfield code="o">C RC480.6 S5418</subfield>
    <subfield code="p">09 003863</subfield>
    <subfield code="r">2012-06-26</subfield>
    <subfield code="t">1</subfield>
    <subfield code="w">2012-06-26</subfield>
    <subfield code="y">LB</subfield>
  </datafield>
  <datafield tag="952" ind1=" " ind2=" ">
    <subfield code="0">0</subfield>
    <subfield code="1">0</subfield>
    <subfield code="4">0</subfield>
    <subfield code="7">0</subfield>
    <subfield code="a">09</subfield>
    <subfield code="b">09</subfield>
    <subfield code="d">2011-01-17</subfield>
    <subfield code="l">3</subfield>
    <subfield code="o">C RC480.6 S5418</subfield>
    <subfield code="p">09 003864</subfield>
    <subfield code="r">2019-12-09</subfield>
    <subfield code="s">2019-12-09</subfield>
    <subfield code="t">2</subfield>
    <subfield code="w">2012-06-26</subfield>
    <subfield code="y">LB</subfield>
  </datafield>
  <datafield tag="952" ind1=" " ind2=" ">
    <subfield code="0">0</subfield>
    <subfield code="1">0</subfield>
    <subfield code="4">0</subfield>
    <subfield code="7">0</subfield>
    <subfield code="a">11</subfield>
    <subfield code="b">11</subfield>
    <subfield code="d">2007-01-08</subfield>
    <subfield code="l">22</subfield>
    <subfield code="o">RC480.6 S5418 2000</subfield>
    <subfield code="p">11 003723</subfield>
    <subfield code="r">2019-10-07</subfield>
    <subfield code="s">2019-10-07</subfield>
    <subfield code="t">1</subfield>
    <subfield code="w">2012-06-26</subfield>
    <subfield code="y">LB</subfield>
  </datafield>
  <datafield tag="952" ind1=" " ind2=" ">
    <subfield code="0">0</subfield>
    <subfield code="1">0</subfield>
    <subfield code="4">0</subfield>
    <subfield code="7">0</subfield>
    <subfield code="a">11</subfield>
    <subfield code="b">11</subfield>
    <subfield code="d">2007-01-08</subfield>
    <subfield code="l">46</subfield>
    <subfield code="o">RC480.6 S5418 2000</subfield>
    <subfield code="p">11 003724</subfield>
    <subfield code="r">2019-10-02</subfield>
    <subfield code="s">2019-10-02</subfield>
    <subfield code="t">2</subfield>
    <subfield code="w">2012-06-26</subfield>
    <subfield code="y">LB</subfield>
  </datafield>
  <datafield tag="952" ind1=" " ind2=" ">
    <subfield code="0">0</subfield>
    <subfield code="1">0</subfield>
    <subfield code="4">0</subfield>
    <subfield code="7">0</subfield>
    <subfield code="a">11</subfield>
    <subfield code="b">11</subfield>
    <subfield code="d">2010-07-13</subfield>
    <subfield code="l">14</subfield>
    <subfield code="o">RC480.6 S5418 2000</subfield>
    <subfield code="p">11 008779</subfield>
    <subfield code="r">2019-10-23</subfield>
    <subfield code="s">2019-10-23</subfield>
    <subfield code="t">3</subfield>
    <subfield code="w">2012-06-26</subfield>
    <subfield code="y">LB</subfield>
  </datafield>
  <datafield tag="952" ind1=" " ind2=" ">
    <subfield code="0">0</subfield>
    <subfield code="1">0</subfield>
    <subfield code="4">0</subfield>
    <subfield code="7">0</subfield>
    <subfield code="a">11</subfield>
    <subfield code="b">11</subfield>
    <subfield code="d">2010-07-13</subfield>
    <subfield code="l">35</subfield>
    <subfield code="o">RC480.6 S5418 2000</subfield>
    <subfield code="p">11 008780</subfield>
    <subfield code="r">2019-10-09</subfield>
    <subfield code="s">2019-10-09</subfield>
    <subfield code="t">4</subfield>
    <subfield code="w">2012-06-26</subfield>
    <subfield code="y">LB</subfield>
  </datafield>
  <datafield tag="952" ind1=" " ind2=" ">
    <subfield code="0">0</subfield>
    <subfield code="1">0</subfield>
    <subfield code="4">0</subfield>
    <subfield code="7">0</subfield>
    <subfield code="a">15</subfield>
    <subfield code="b">15</subfield>
    <subfield code="d">2007-01-05</subfield>
    <subfield code="l">1</subfield>
    <subfield code="o">C616.89025 S631I</subfield>
    <subfield code="p">15 001998</subfield>
    <subfield code="r">2017-12-07</subfield>
    <subfield code="s">2015-06-20</subfield>
    <subfield code="t">1</subfield>
    <subfield code="w">2012-06-28</subfield>
    <subfield code="y">LB</subfield>
  </datafield>
  <datafield tag="952" ind1=" " ind2=" ">
    <subfield code="0">0</subfield>
    <subfield code="1">0</subfield>
    <subfield code="2">lcc</subfield>
    <subfield code="4">0</subfield>
    <subfield code="7">0</subfield>
    <subfield code="a">08</subfield>
    <subfield code="b">08</subfield>
    <subfield code="d">2012-06-18</subfield>
    <subfield code="l">50</subfield>
    <subfield code="m">10</subfield>
    <subfield code="o">RC480.6 S5418 2000</subfield>
    <subfield code="p">08 004126</subfield>
    <subfield code="r">2023-05-24</subfield>
    <subfield code="s">2023-05-24</subfield>
    <subfield code="t">1</subfield>
    <subfield code="w">2012-07-20</subfield>
    <subfield code="y">LB</subfield>
  </datafield>
  <datafield tag="952" ind1=" " ind2=" ">
    <subfield code="0">0</subfield>
    <subfield code="1">0</subfield>
    <subfield code="4">0</subfield>
    <subfield code="7">0</subfield>
    <subfield code="a">14</subfield>
    <subfield code="b">14</subfield>
    <subfield code="d">2010-12-08</subfield>
    <subfield code="l">4</subfield>
    <subfield code="o">RC480.6 S531 2000</subfield>
    <subfield code="p">14 003769</subfield>
    <subfield code="r">2014-10-15</subfield>
    <subfield code="s">2014-10-15</subfield>
    <subfield code="t">1</subfield>
    <subfield code="w">2012-10-28</subfield>
    <subfield code="y">LB</subfield>
  </datafield>
  <datafield tag="952" ind1=" " ind2=" ">
    <subfield code="0">0</subfield>
    <subfield code="1">0</subfield>
    <subfield code="2">lcc</subfield>
    <subfield code="4">0</subfield>
    <subfield code="7">0</subfield>
    <subfield code="a">14</subfield>
    <subfield code="b">14</subfield>
    <subfield code="d">2013-01-23</subfield>
    <subfield code="l">15</subfield>
    <subfield code="m">2</subfield>
    <subfield code="o">RC480.6 S531 2000</subfield>
    <subfield code="p">14 004772</subfield>
    <subfield code="r">2019-09-23</subfield>
    <subfield code="s">2019-09-23</subfield>
    <subfield code="t">2</subfield>
    <subfield code="w">2013-11-04</subfield>
    <subfield code="y">LB</subfield>
  </datafield>
  <datafield tag="952" ind1=" " ind2=" ">
    <subfield code="0">0</subfield>
    <subfield code="1">0</subfield>
    <subfield code="2">lcc</subfield>
    <subfield code="4">0</subfield>
    <subfield code="7">0</subfield>
    <subfield code="a">14</subfield>
    <subfield code="b">14</subfield>
    <subfield code="d">2013-01-23</subfield>
    <subfield code="l">16</subfield>
    <subfield code="m">2</subfield>
    <subfield code="o">RC480.6 S531 2000</subfield>
    <subfield code="p">14 004773</subfield>
    <subfield code="r">2018-09-27</subfield>
    <subfield code="s">2018-09-27</subfield>
    <subfield code="t">3</subfield>
    <subfield code="w">2013-11-04</subfield>
    <subfield code="y">LB</subfield>
  </datafield>
  <datafield tag="952" ind1=" " ind2=" ">
    <subfield code="0">0</subfield>
    <subfield code="1">0</subfield>
    <subfield code="2">lcc</subfield>
    <subfield code="4">0</subfield>
    <subfield code="7">0</subfield>
    <subfield code="a">08</subfield>
    <subfield code="b">08</subfield>
    <subfield code="d">2020-03-19</subfield>
    <subfield code="l">30</subfield>
    <subfield code="m">6</subfield>
    <subfield code="o">RC480.6 S5418 2000</subfield>
    <subfield code="p">08 004897</subfield>
    <subfield code="r">2023-06-06</subfield>
    <subfield code="s">2023-06-06</subfield>
    <subfield code="t">2</subfield>
    <subfield code="w">2014-02-06</subfield>
    <subfield code="y">LB</subfield>
  </datafield>
  <datafield tag="952" ind1=" " ind2=" ">
    <subfield code="0">0</subfield>
    <subfield code="1">0</subfield>
    <subfield code="2">lcc</subfield>
    <subfield code="4">0</subfield>
    <subfield code="7">0</subfield>
    <subfield code="a">08</subfield>
    <subfield code="b">08</subfield>
    <subfield code="d">2020-03-19</subfield>
    <subfield code="l">17</subfield>
    <subfield code="m">2</subfield>
    <subfield code="o">RC480.6 S5418 2000</subfield>
    <subfield code="p">08 004955</subfield>
    <subfield code="r">2023-05-24</subfield>
    <subfield code="s">2023-05-24</subfield>
    <subfield code="t">3</subfield>
    <subfield code="w">2014-03-26</subfield>
    <subfield code="y">LB</subfield>
  </datafield>
  <datafield tag="952" ind1=" " ind2=" ">
    <subfield code="0">0</subfield>
    <subfield code="1">0</subfield>
    <subfield code="4">0</subfield>
    <subfield code="7">0</subfield>
    <subfield code="a">11</subfield>
    <subfield code="b">11</subfield>
    <subfield code="d">2014-04-04</subfield>
    <subfield code="l">28</subfield>
    <subfield code="o">RC480.6 S5418 2000</subfield>
    <subfield code="p">11 010588</subfield>
    <subfield code="r">2024-05-30</subfield>
    <subfield code="s">2024-05-30</subfield>
    <subfield code="t">5</subfield>
    <subfield code="w">2014-04-04</subfield>
    <subfield code="y">LB</subfield>
  </datafield>
  <datafield tag="952" ind1=" " ind2=" ">
    <subfield code="0">0</subfield>
    <subfield code="1">0</subfield>
    <subfield code="2">lcc</subfield>
    <subfield code="4">0</subfield>
    <subfield code="7">0</subfield>
    <subfield code="a">09</subfield>
    <subfield code="b">09</subfield>
    <subfield code="d">2014-04-10</subfield>
    <subfield code="l">1</subfield>
    <subfield code="o">RC480.6 S5418</subfield>
    <subfield code="p">09 002213</subfield>
    <subfield code="r">2014-07-01</subfield>
    <subfield code="s">2014-07-01</subfield>
    <subfield code="t">1</subfield>
    <subfield code="w">2014-04-10</subfield>
    <subfield code="y">LB</subfield>
  </datafield>
  <datafield tag="952" ind1=" " ind2=" ">
    <subfield code="0">0</subfield>
    <subfield code="1">0</subfield>
    <subfield code="4">0</subfield>
    <subfield code="7">0</subfield>
    <subfield code="a">04</subfield>
    <subfield code="b">04</subfield>
    <subfield code="d">2014-05-23</subfield>
    <subfield code="l">6</subfield>
    <subfield code="o">RC480.6 S54 1996</subfield>
    <subfield code="p">04 004433</subfield>
    <subfield code="r">2019-04-11</subfield>
    <subfield code="s">2019-04-09</subfield>
    <subfield code="t">4</subfield>
    <subfield code="w">2014-05-23</subfield>
    <subfield code="y">LB</subfield>
  </datafield>
  <datafield tag="952" ind1=" " ind2=" ">
    <subfield code="0">0</subfield>
    <subfield code="1">0</subfield>
    <subfield code="2">lcc</subfield>
    <subfield code="4">0</subfield>
    <subfield code="7">0</subfield>
    <subfield code="a">14</subfield>
    <subfield code="b">14</subfield>
    <subfield code="d">2014-02-20</subfield>
    <subfield code="l">13</subfield>
    <subfield code="m">3</subfield>
    <subfield code="o">RC480.6 S531 2000</subfield>
    <subfield code="p">14 003851</subfield>
    <subfield code="r">2023-06-06</subfield>
    <subfield code="s">2023-06-02</subfield>
    <subfield code="t">4</subfield>
    <subfield code="w">2014-07-15</subfield>
    <subfield code="y">LB</subfield>
  </datafield>
  <datafield tag="952" ind1=" " ind2=" ">
    <subfield code="0">0</subfield>
    <subfield code="1">0</subfield>
    <subfield code="2">lcc</subfield>
    <subfield code="4">0</subfield>
    <subfield code="7">0</subfield>
    <subfield code="a">14</subfield>
    <subfield code="b">14</subfield>
    <subfield code="d">2014-03-05</subfield>
    <subfield code="l">19</subfield>
    <subfield code="o">RC480.6 S531 2000</subfield>
    <subfield code="p">14 003005</subfield>
    <subfield code="r">2018-10-10</subfield>
    <subfield code="s">2018-10-10</subfield>
    <subfield code="t">5</subfield>
    <subfield code="w">2014-07-15</subfield>
    <subfield code="y">LB</subfield>
  </datafield>
  <datafield tag="952" ind1=" " ind2=" ">
    <subfield code="0">0</subfield>
    <subfield code="1">0</subfield>
    <subfield code="4">0</subfield>
    <subfield code="7">0</subfield>
    <subfield code="a">04</subfield>
    <subfield code="b">04</subfield>
    <subfield code="d">2015-01-31</subfield>
    <subfield code="l">6</subfield>
    <subfield code="o">RC480.6 S54 1996</subfield>
    <subfield code="p">04 004943</subfield>
    <subfield code="r">2019-08-01</subfield>
    <subfield code="s">2019-08-01</subfield>
    <subfield code="t">5</subfield>
    <subfield code="w">2015-01-31</subfield>
    <subfield code="y">LB</subfield>
  </datafield>
  <datafield tag="952" ind1=" " ind2=" ">
    <subfield code="0">0</subfield>
    <subfield code="1">0</subfield>
    <subfield code="4">0</subfield>
    <subfield code="7">0</subfield>
    <subfield code="a">04</subfield>
    <subfield code="b">04</subfield>
    <subfield code="d">2015-02-04</subfield>
    <subfield code="l">8</subfield>
    <subfield code="o">RC480.6 S54 1996</subfield>
    <subfield code="p">04 004949</subfield>
    <subfield code="r">2019-09-14</subfield>
    <subfield code="s">2019-09-13</subfield>
    <subfield code="t">6</subfield>
    <subfield code="w">2015-02-04</subfield>
    <subfield code="y">LB</subfield>
  </datafield>
  <datafield tag="952" ind1=" " ind2=" ">
    <subfield code="0">0</subfield>
    <subfield code="1">0</subfield>
    <subfield code="2">lcc</subfield>
    <subfield code="4">0</subfield>
    <subfield code="7">0</subfield>
    <subfield code="a">15</subfield>
    <subfield code="b">15</subfield>
    <subfield code="d">2014-04-04</subfield>
    <subfield code="l">2</subfield>
    <subfield code="o">C616.89025 S631I 1996</subfield>
    <subfield code="p">15 006763</subfield>
    <subfield code="r">2019-05-22</subfield>
    <subfield code="s">2019-05-22</subfield>
    <subfield code="t">2</subfield>
    <subfield code="w">2015-02-06</subfield>
    <subfield code="y">LB</subfield>
  </datafield>
  <datafield tag="952" ind1=" " ind2=" ">
    <subfield code="0">0</subfield>
    <subfield code="1">0</subfield>
    <subfield code="2">lcc</subfield>
    <subfield code="4">0</subfield>
    <subfield code="7">0</subfield>
    <subfield code="a">15</subfield>
    <subfield code="b">15</subfield>
    <subfield code="d">2014-08-14</subfield>
    <subfield code="l">0</subfield>
    <subfield code="o">C616.89025 S631I 1996</subfield>
    <subfield code="p">15 006870</subfield>
    <subfield code="r">2017-12-07</subfield>
    <subfield code="t">3</subfield>
    <subfield code="w">2015-03-12</subfield>
    <subfield code="y">LB</subfield>
  </datafield>
  <datafield tag="952" ind1=" " ind2=" ">
    <subfield code="0">0</subfield>
    <subfield code="1">0</subfield>
    <subfield code="2">lcc</subfield>
    <subfield code="4">0</subfield>
    <subfield code="7">0</subfield>
    <subfield code="a">15</subfield>
    <subfield code="b">15</subfield>
    <subfield code="d">2014-08-14</subfield>
    <subfield code="l">0</subfield>
    <subfield code="o">C616.89025 S631I 1996</subfield>
    <subfield code="p">15 006871</subfield>
    <subfield code="r">2017-12-07</subfield>
    <subfield code="t">4</subfield>
    <subfield code="w">2015-03-12</subfield>
    <subfield code="y">LB</subfield>
  </datafield>
  <datafield tag="952" ind1=" " ind2=" ">
    <subfield code="0">0</subfield>
    <subfield code="1">0</subfield>
    <subfield code="2">lcc</subfield>
    <subfield code="4">0</subfield>
    <subfield code="7">0</subfield>
    <subfield code="a">08</subfield>
    <subfield code="b">08</subfield>
    <subfield code="d">2015-06-10</subfield>
    <subfield code="l">13</subfield>
    <subfield code="m">1</subfield>
    <subfield code="o">RC480.6 S5418 2000</subfield>
    <subfield code="p">08 005599</subfield>
    <subfield code="r">2020-03-19</subfield>
    <subfield code="s">2018-03-13</subfield>
    <subfield code="t">4</subfield>
    <subfield code="w">2015-06-10</subfield>
    <subfield code="y">LB</subfield>
  </datafield>
  <datafield tag="952" ind1=" " ind2=" ">
    <subfield code="0">0</subfield>
    <subfield code="1">0</subfield>
    <subfield code="4">0</subfield>
    <subfield code="7">0</subfield>
    <subfield code="a">11</subfield>
    <subfield code="b">11</subfield>
    <subfield code="d">2015-06-16</subfield>
    <subfield code="l">19</subfield>
    <subfield code="o">RC480.6 S5418 2000</subfield>
    <subfield code="p">11 012052</subfield>
    <subfield code="r">2023-02-20</subfield>
    <subfield code="s">2023-02-20</subfield>
    <subfield code="t">6</subfield>
    <subfield code="w">2015-06-16</subfield>
    <subfield code="y">LB</subfield>
  </datafield>
  <datafield tag="952" ind1=" " ind2=" ">
    <subfield code="0">0</subfield>
    <subfield code="1">0</subfield>
    <subfield code="4">0</subfield>
    <subfield code="7">0</subfield>
    <subfield code="a">04</subfield>
    <subfield code="b">04</subfield>
    <subfield code="d">2015-06-23</subfield>
    <subfield code="l">12</subfield>
    <subfield code="m">1</subfield>
    <subfield code="o">RC480.6 S54 1996</subfield>
    <subfield code="p">04 005310</subfield>
    <subfield code="r">2022-11-01</subfield>
    <subfield code="s">2022-11-01</subfield>
    <subfield code="t">7</subfield>
    <subfield code="w">2015-06-23</subfield>
    <subfield code="y">LB</subfield>
  </datafield>
  <datafield tag="952" ind1=" " ind2=" ">
    <subfield code="0">0</subfield>
    <subfield code="1">0</subfield>
    <subfield code="2">lcc</subfield>
    <subfield code="4">0</subfield>
    <subfield code="7">0</subfield>
    <subfield code="a">14</subfield>
    <subfield code="b">14</subfield>
    <subfield code="d">2015-05-20</subfield>
    <subfield code="l">13</subfield>
    <subfield code="m">3</subfield>
    <subfield code="o">RC480.6 S531 2000</subfield>
    <subfield code="p">14 005882</subfield>
    <subfield code="r">2019-06-08</subfield>
    <subfield code="s">2018-02-01</subfield>
    <subfield code="t">6</subfield>
    <subfield code="w">2015-07-13</subfield>
    <subfield code="y">LB</subfield>
  </datafield>
  <datafield tag="952" ind1=" " ind2=" ">
    <subfield code="0">0</subfield>
    <subfield code="1">0</subfield>
    <subfield code="2">lcc</subfield>
    <subfield code="4">0</subfield>
    <subfield code="7">0</subfield>
    <subfield code="a">23</subfield>
    <subfield code="b">23</subfield>
    <subfield code="d">2015-07-29</subfield>
    <subfield code="l">12</subfield>
    <subfield code="m">5</subfield>
    <subfield code="o">RC480.6 S5418</subfield>
    <subfield code="p">23 003593</subfield>
    <subfield code="r">2026-02-20</subfield>
    <subfield code="s">2025-02-18</subfield>
    <subfield code="t">1</subfield>
    <subfield code="w">2015-07-29</subfield>
    <subfield code="y">LB</subfield>
  </datafield>
  <datafield tag="952" ind1=" " ind2=" ">
    <subfield code="0">0</subfield>
    <subfield code="1">0</subfield>
    <subfield code="2">lcc</subfield>
    <subfield code="4">0</subfield>
    <subfield code="7">0</subfield>
    <subfield code="a">15</subfield>
    <subfield code="b">15</subfield>
    <subfield code="d">2015-05-19</subfield>
    <subfield code="l">0</subfield>
    <subfield code="o">C616.89025 S631I 1996</subfield>
    <subfield code="p">15 007285</subfield>
    <subfield code="r">2017-12-07</subfield>
    <subfield code="t">5</subfield>
    <subfield code="w">2015-08-31</subfield>
    <subfield code="y">LB</subfield>
  </datafield>
  <datafield tag="952" ind1=" " ind2=" ">
    <subfield code="0">0</subfield>
    <subfield code="1">0</subfield>
    <subfield code="2">lcc</subfield>
    <subfield code="4">0</subfield>
    <subfield code="7">0</subfield>
    <subfield code="a">09</subfield>
    <subfield code="b">09</subfield>
    <subfield code="d">2015-09-11</subfield>
    <subfield code="l">0</subfield>
    <subfield code="o">RC480.6 S5418</subfield>
    <subfield code="p">09 000157</subfield>
    <subfield code="r">2015-09-11</subfield>
    <subfield code="t">2</subfield>
    <subfield code="w">2015-09-11</subfield>
    <subfield code="y">LB</subfield>
  </datafield>
  <datafield tag="952" ind1=" " ind2=" ">
    <subfield code="0">0</subfield>
    <subfield code="1">0</subfield>
    <subfield code="4">0</subfield>
    <subfield code="7">0</subfield>
    <subfield code="a">11</subfield>
    <subfield code="b">11</subfield>
    <subfield code="d">2018-09-12</subfield>
    <subfield code="l">8</subfield>
    <subfield code="o">RC480.6 S5418 2000</subfield>
    <subfield code="p">11 013802</subfield>
    <subfield code="r">2019-10-07</subfield>
    <subfield code="s">2019-10-07</subfield>
    <subfield code="t">7</subfield>
    <subfield code="w">2018-09-12</subfield>
    <subfield code="y">LB</subfield>
  </datafield>
  <datafield tag="999" ind1=" " ind2=" ">
    <subfield code="c">70501</subfield>
    <subfield code="d">70501</subfield>
  </datafield>
</record>
